LEADER 02336nam 2200553 a 450 001 9910463453603321 005 20200520144314.0 010 $a0-8203-4627-6 035 $a(CKB)2670000000386876 035 $a(EBL)1224983 035 $a(SSID)ssj0000915877 035 $a(PQKBManifestationID)11506857 035 $a(PQKBTitleCode)TC0000915877 035 $a(PQKBWorkID)10869772 035 $a(PQKB)11507160 035 $a(MiAaPQ)EBC1224983 035 $a(OCoLC)852159327 035 $a(MdBmJHUP)muse29244 035 $a(Au-PeEL)EBL1224983 035 $a(CaPaEBR)ebr10726077 035 $a(CaONFJC)MIL501338 035 $a(OCoLC)854974320 035 $a(EXLCZ)992670000000386876 100 $a19931007d1994 uy 0 101 0 $aeng 135 $aur|n|---||||| 181 $ctxt 182 $cc 183 $acr 200 10$aInheritance of horses$b[electronic resource] /$fJames Kilgo 210 $aAthens $cUniversity of Georgia Press$dc1994 215 $a1 online resource (158 p.) 300 $aDescription based upon print version of record. 311 $a0-8203-1640-7 327 $aIndian givers -- Mountain spirits -- Coming off the back of Brasstown Bald -- High blood -- Taken by storm -- Open house -- A gift from the bear -- According to Hemingway -- Inheritance of horses. 330 $aReconciliation and remembering are the forces at work in Inheritance of Horses . In these essays, James Kilgo seeks the common ground between his roles as a man, as husband and father, and as heir to his family legacy. Pausing at mid-life to make an eloquent, understated stand against our era's rootlessness, he honors friendship, kinship, nature, and tradition. In the opening section, Kilgo focuses on the tension between his need for ritualistic male camaraderie and his familial obligations. Searching the woods for arrowheads, sitting around the dinner table at a hunting lodge, or careening do 606 $aOutdoor life$zGeorgia 607 $aGeorgia$xSocial life and customs 608 $aElectronic books. 615 0$aOutdoor life 676 $a975.8 700 $aKilgo$b James$f1941-$01049066 801 0$bMiAaPQ 801 1$bMiAaPQ 801 2$bMiAaPQ 906 $aBOOK 912 $a9910463453603321 996 $aInheritance of horses$92477761 997 $aUNINA LEADER 02681oam 2200709I 450 001 9910962570003321 005 20251116234702.0 010 $a1-4094-8626-5 010 $a1-317-09490-5 010 $a1-315-59581-8 010 $a1-317-09489-1 010 $a1-282-52530-1 010 $a9786612525308 010 $a0-7546-9725-8 024 7 $a10.4324/9781315595818 035 $a(CKB)2670000000013624 035 $a(EBL)495282 035 $a(OCoLC)609858290 035 $a(SSID)ssj0000363263 035 $a(PQKBManifestationID)11296331 035 $a(PQKBTitleCode)TC0000363263 035 $a(PQKBWorkID)10387850 035 $a(PQKB)11684016 035 $a(MiAaPQ)EBC495282 035 $a(MiAaPQ)EBC4512282 035 $a(Au-PeEL)EBL4512282 035 $a(CaPaEBR)ebr11488544 035 $a(OCoLC)1018148200 035 $a(OCoLC)950471929 035 $a(FINmELB)ELB142901 035 $a(EXLCZ)992670000000013624 100 $a20180706e20162009 uy 0 101 0 $aeng 135 $aur|n|---||||| 181 $ctxt 182 $cc 183 $acr 200 10$aModeling applications in the airline industry /$fAhmed Abdelghany & Khaled Abdelghany 205 $a1st ed. 210 1$aLondon :$cRoutledge,$d2016. 215 $a1 online resource (291 p.) 300 $aFirst published 2009 by Ashgate Publishing. 311 08$a0-7546-7874-1 320 $aIncludes bibliographical references and index. 327 $aCover; Contents; List of Figures; List of Tables; 1 Introduction to Airline Management; Section I Demand Modeling and Forecasting; Section II Scheduling of Resources; Section III Revenue Management; Section IV Irregular Operations Management; Index 330 $aModeling Applications in the Airline Industry explains the different functions and tactics performed by airlines during their planning and operation phases. Each function receives a full explanation of the challenges it brings and a solution methodology is presented, supported by numerical illustrative examples wherever possible. 606 $aAirlines$xManagement 606 $aAeronautics, Commercial$xComputer simulation 606 $aAeronautics, Commercial$xPlanning 615 0$aAirlines$xManagement. 615 0$aAeronautics, Commercial$xComputer simulation. 615 0$aAeronautics, Commercial$xPlanning. 676 $a387.7068/4 700 $aAbdelghany$b Ahmed F.$01648266 701 $aAbdelghany$b Khaled$01881076 801 0$bMiAaPQ 801 1$bMiAaPQ 801 2$bMiAaPQ 906 $aBOOK 912 $a9910962570003321 996 $aModeling applications in the airline industry$94495401 997 $aUNINA